Freight transport and the environment

Αποθηκεύτηκε σε:
Λεπτομέρειες βιβλιογραφικής εγγραφής
Άλλοι συγγραφείς: Kroon, Martin (Επιμελητής έκδοσης), Smit, Ruthger (Επιμελητής έκδοσης), Ham, J. van (Επιμελητής έκδοσης)
Μορφή: Βιβλίο
Γλώσσα:English
Δημοσίευση: Amsterdam : Elsevier, 1991
Σειρά:Studies in environmental science ; ; 45
Θέματα:
Ετικέτες: Προσθήκη ετικέτας
Δεν υπάρχουν, Καταχωρήστε ετικέτα πρώτοι!

MARC

LEADER 00000nam a2200000 i 4500
001 1/16810
008 980824s1991 eng d
020 |a 0-444-88770-9 
035 |l 10020331 
040 |a GR-MY-UA  |b gre  |e aacr 
041 0 |a eng 
082 0 |a 388.044 
245 1 0 |a Freight transport and the environment /  |c Edited by Martin Kroon; Ruthger Smit; Joop van Ham 
260 |a Amsterdam :   |b Elsevier,   |c 1991 
300 |a 355 p. 
490 1 |a Studies in environmental science  |v ; 45 
504 |a Includes index 
650 0 0 |a Freight and freightage  |x Environmental aspects. 
650 0 0 |a Transportation  |x Environmental aspects. 
700 0 |a Kroon, Martin.  |4 edt 
700 1 |a Smit, Ruthger.  |4 edt 
700 1 |a Ham, J. van.  |4 edt 
830 0 |a Studies in environmental science ;  |v ; 45 
852 |a INST  |b LESVOS  |e 19980824  |h 388.044 FRE  |p 005100006353  |q 005100006353  |t BK  |y 0 
901 |a BIBL-1998-2 
909 |a Λ  |b 035346 
922 |a 1ΕΛΗ  |b 199404  |c ΑΓΓΕΛΙΔΗΣ